000 00761nam a2200241Ia 4500
008 130821s2004 sp gr spa
020 _a8496136736
040 _aCo-BoUCM
_bspa
041 0 0 _aspa
100 1 _aZagajewski, Adam
_d1945-
_9135832
245 1 0 _aTierra del fuego
_cAdam Zagajewski ;traducción de X. Farré
260 _aBarcelona (España)
_bAcantilado
_c2004
300 _a79 páginas
490 _aEl Acantilado
_v96
504 _aIncluye bibliografía.
650 0 4 _aLiteratura europea
_926524
650 0 4 _aLiteratura polaca
_918726
650 0 4 _aPoesía polaca
_921844
700 1 _aFarré, X.
_etrad.
_9135841
765 _aZiemia Ognista
942 _cLIBRO
_a18
_e1
_mZ18t
_2DEWEY
_h891.857
_n0
999 _c58388
_d58388